000
00308nam a2200145Ia 4500
008
191201s2006 xx 000 0 und d
082
_a
658
_b
STM
100
_a
Stoner, Jamies
245
0
_a
Management
250
_a
6th
260
_a
N.Delhi
_b
PHI
_c
2006
300
_a
630
650
_a
MBA
942
_2
ddc
_c
BK
999
_c
3172
_d
3172